[Event "Bundesliga 0607"]
[Site "Germany"]
[Date "2006.12.09"]
[Round "5.1"]
[White "Naiditsch, Arkadij"]
[Black "McShane, Luke J"]
[Result "1/2-1/2"]
[WhiteElo "2676"]
[BlackElo "2614"]
[Annotator "Krasenkow,M"]
[PlyCount "172"]
[EventDate "2006.10.28"]
[EventType "team-tourn"]
[EventRounds "15"]
[EventCountry "GER"]
[SourceTitle "CBM 116"]
[Source "ChessBase"]
[SourceDate "2007.02.01"]
[SourceVersion "1"]
[SourceVersionDate "2007.02.01"]
[SourceQuality "1"]
[WhiteTeam "Bindlach"]
[BlackTeam "Werder Bremen"]
[WhiteTeamCountry "GER"]
[BlackTeamCountry "GER"]

1. d4 {Meyer,CD} Nf6 2. c4 g6 3. Nc3 d5 4. cxd5 Nxd5 5. e4 Nxc3 6. bxc3 Bg7 7.
Bc4 c5 8. Ne2 O-O 9. O-O Nc6 10. Be3 e6 $5 {An interesting, logical move very
rarely seen in GM practice.} 11. dxc5 {With the black pawn still on a7, this
move is not dangerous in such positions.} (11. Rb1 $6 Na5 12. Bd3 cxd4 13. cxd4
b6 {Comparing to the 10...cxd4 11.cxd4 Na5 system, the white rook is now
awkwardly placed an b1.} 14. Qa4 Bd7 15. Bb5 Bxb5 16. Qxb5 Qe8 17. Qb4 Qc6 18.
Ng3 Rfc8 19. Rbc1 Qd7 20. Ne2 Bf8 21. Qb1 Nc4 $36 {0-1 Leoni,F-Davies,N/Bratto
2000/CBM 077 ext (42)}) (11. Qd2 Qa5 12. Qb2 cxd4 13. cxd4 b6 (13... Qb4 $5)
14. Rac1 (14. Bb5 Qb4 15. Qxb4 Nxb4 16. Rfc1 Bb7 17. Bd2 Na6 18. Bc6 Bxc6 19.
Rxc6 Rfd8 20. Rc4 Rd7 21. Rac1 f5 22. exf5 exf5 23. g3 Re8 24. Be3 Bf8 25. Nf4
Bd6 26. Rc8 Rxc8 27. Rxc8+ {1/2-1/2 Flear,G-Marzolo,C/Belfort 2004/EXT 2005})
14... Bb7 15. Rfd1 Rac8 16. a3 Qh5 17. f3 Rfd8 18. Nf4 Qg5 19. Qf2 Qe7 $13 {
1-0 Van Wely,L-McShane,L/Reykjavik 2003/CBM 093 ext (36)}) (11. Rc1 $5) 11...
Ne5 12. Bb3 Bd7 13. Nd4 Qh4 $6 {Where is this queen going?} (13... Qa5 $142 14.
Rc1 Qa6 {[%cal Ye5c4]} 15. c4 Rad8 $132) (13... b6 $5) 14. f3 Rfd8 $6 (14... b6
$5 15. cxb6 axb6 {is a standard reaction in such positions. White's extra pawn
can hardly be converted.}) 15. Qd2 h6 16. Rfd1 Kh7 17. h3 a6 $6 {A strange
decision (see comment to move 11).} (17... Bb5 {[%cal Ye5c4] was not good
because of} 18. Bf2 Qe7 19. f4 Nc6 20. Qc2 Ba6 21. Nxc6 bxc6 22. e5 $16) (17...
b6 {didn't work anymore due to} 18. cxb6 axb6 19. f4 Nc6 20. Nf3) ({Black
should have probably played simply} 17... Be8) 18. f4 Nc6 19. Nf3 Qe7 20. e5
Qe8 21. Qf2 Ne7 22. Nd2 Bc6 23. Nc4 Nf5 24. Nd6 $16 Qe7 25. Bc2 (25. Rd2 $5 f6
$140 26. Nxf5 gxf5 (26... exf5 27. e6) 27. Rd6) 25... f6 $1 26. Bd4 $1 (26.
Nxf5 $6 exf5) (26. Bxf5 gxf5 (26... exf5 27. exf6 Bxf6 28. Bd4) 27. Qh4 Rd7
$132 {[%cal Ya8g8]}) 26... fxe5 27. Bxe5 Bxe5 28. fxe5 Rf8 29. Ne4 {It looks
ridiculous to exchange this knight but Black's important bishop leaves the
board, too.} (29. Be4 $5 {was another option:} Nh4 30. Qe3 Nf5 31. Qe1 $5)
29... Bxe4 30. Bxe4 Rac8 31. Rab1 Rc7 32. Rf1 (32. Rd6 $5) 32... Qg7 {Black
gives up a piece. The other way to do it was} (32... Qxc5 33. Qxc5 Rxc5 34. g4
b5 35. gxf5 gxf5 36. Rbd1 $1 $16) (32... Rd8 33. g4 Nh4 34. Kh1 {was hopeless
enough.}) 33. g4 Qxe5 34. Rbe1 (34. Rfe1 $5 {keeping the other rook on b1.})
34... Qxc3 35. gxf5 gxf5 36. Bg2 Rf6 {White is certainly winning but...} 37.
Qe3 Qa5 38. Rb1 Rg6 39. Rb2 Rcg7 40. Kh1 Qd8 41. Qd2 Qe7 42. Qd6 Qf6 43. Rfb1
Qc3 44. Qd2 Qxc5 45. Rxb7 Rxb7 46. Rxb7+ Rg7 47. Qb2 e5 48. Rxg7+ Kxg7 {
[%mdl 4096]} 49. Qb7+ Kf6 50. Qxa6+ Kg5 51. Qc6 ({Auch im Folgenden läßt es
Weiß an der nötigen Zielstrebigkeit und Präzision missen, und die Chose wird
zu einer immer härteren Nuß. Die Gelegenheit, den a-Bauern auf die Reise zu
schicken, sollte sich Weiß nicht entgehen lassen, z.B.} 51. a4 $142 {Meyer,CD}
e4 (51... Qc1+ 52. Qf1 Qc3 53. h4+ $1 Kg6 (53... Kxh4 $2 54. Qxf5 Qe1+ (54...
Qa1+ 55. Kh2 Qxa4 56. Qf6+ Kh5 57. Bf3+) 55. Kh2 Qg3+ 56. Kg1 Qe1+ 57. Qf1 $18)
54. Bh3 f4 55. Qg2+ Kf6 56. h5 Qa1+ 57. Kh2 Qxa4 58. Qg6+ Ke7 59. Qg7+ Kd8 60.
Qf6+ Ke8 61. Qxe5+ Kf8 62. Qf6+ Ke8 63. Qe6+ Kd8 64. Qxh6 $18) 52. Qb5 Qd4 (
52... Qc1+ 53. Bf1 Qe3 54. a5) 53. a5 e3 54. Bf1 Qe4+ 55. Kg1 Qd4 56. Qd3 Qf4 (
56... Qc5 57. Qd8+ Kf4 58. Qb6 $18) 57. a6 Qf2+ 58. Kh1 f4 59. Qe2 $18) 51...
Qe3 52. Qf3 (52. a4 $142 {Meyer,CD}) 52... Qd4 53. Qd5 Qf4 54. Qg8+ Kf6 55.
Qf8+ Kg6 56. Qd6+ Kg5 57. Qc7 Kf6 58. Qb6+ Kg5 59. Qg1 Kf6 60. Qa1 Qa4 61. a3
h5 62. Qc3 Qd1+ 63. Kh2 h4 64. Qe3 Qa4 65. Qh6+ (65. Qb6+ Kg7 66. Qb4 $18)
65... Ke7 66. Qg7+ Ke6 67. Qg6+ Ke7 68. Qxf5 Qxa3 69. Qh7+ {'?' Meyer,CD.} Kf8
(69... Ke6 $142 $5 {Meyer,CD}) 70. Qh6+ (70. Qh8+ $1 {Meyer,CD und nun:} Kf7 (
70... Ke7 71. Qxe5+ Kd7 (71... Kd8 {Meyer,CD} 72. Qd4+ Kc8 73. Qg4+ Kb8 74.
Qxh4 $18 Qd6+ {Verlust in 37 Zügen} 75. Kg1 (75. Qg3 $4 Kc7 $11 (75... Kc8 $11)
) 75... Qc5+ 76. Kf1 (76. Qf2 $4 Qxf2+ 77. Kxf2 Kc7 $11)) 72. Qb5+ $18 {
wie vorher} (72. Qd4+ $4 {Meyer,CD} Qd6+ $11) (72. Qg7+ $2 {Meyer,CD} Qe7)
72... Ke7 {Meyer,CD} 73. Qg5+ Ke6 (73... Kd6 74. Qxh4 $18 {wie gehabt} Qb2 {
Meyer,CD Verlust in 52 Zügen}) (73... Kf7 74. Bd5+ (74. Qxh4 $4 Qd6+ $11) 74...
Ke8 75. Bc6+ Kf7 76. Qf5+ Ke7 (76... Kg7 77. Qe5+ Kf7 78. Bd5+ Kg6 79. Qe6+ Kg5
80. Qg4+ Kh6 (80... Kf6 {Meyer,CD} 81. Qxh4+ $18 {wie gehabt}) 81. Qxh4+ $18
Kg6 {Verlust in 28 Meyer,CD: 'Verlust in 28 Zügen. Hier und im Folgenden
wurden bei den 6-Steinern freilich die Nalimov Endgame Table Bases konsultiert.
' Meyer,CD: 'Verlust in 28'}) 77. Qe5+ Kf7 (77... Kf8 78. Qf6+ Kg8 79. Bd5+ Kh7
80. Qxh4+ $18 {wie gehabt}) (77... Kd8 78. Qe8+ Kc7 79. Qd7+ Kb6 80. Qb7+ Kc5
81. Qe7+ $18) 78. Bd5+ {usw. +- wie gehabt}) 74. Qg4+ (74. Qxh4 $2 Qd6+ $11)
74... Kf7 75. Bd5+ Ke8 (75... Kf8 76. Qf4+ Ke8 77. Bc6+ Ke7 (77... Kd8 78.
Qxh4+ $18 Qe7 {Verlust in 34}) 78. Qxh4+ $18 Kd6 {Verlust in 53}) 76. Qc8+ Ke7
77. Qc7+ Ke8 78. Bc6+ Kf8 79. Qf4+ Ke7 80. Qe5+ Kf7 81. Bd5+ $18 {usw. wie
vorher Meyer,CD: 'usw. +- wie gehabt'}) 71. Bd5+ Ke7 (71... Kg6 72. Qg8+ $18)
72. Qxh4+ Kd7 (72... Ke8 73. Qh5+ Kd7 74. Qf5+ Kc7 75. Qf7+ (75. h4 $5) 75...
Kd8 76. Qg8+ {Meyer,CD: 'usw. +- wie vorher'} Kd7 77. Be6+ Kc6 78. Qe8+ Kb6 79.
Qd8+ Kb5 80. Qd5+ Kb6 (80... Qc5 81. h4 $18) 81. Qxe5 $18 {Gewinn in 26}) (
72... Kd6 $2 73. Qd8+ Kc5 74. Qe7+ $18) 73. Qg4+ Kd6 (73... Kd8 74. Qg8+ {
usw. +- wie vorher}) 74. Qe6+ Kc7 75. Qf7+ {usw. +- wie vorher}) 70... Ke8 71.
Bc6+ Kf7 72. Bd5+ Ke8 73. Qxh4 Qb2+ 74. Bg2 Qd4 75. Qh8+ Kf7 76. Qh7+ Kf6 77.
Qc2 Qf4+ 78. Kh1 Kg7 79. Qd1 Kh6 80. Qg4 Qc1+ 81. Kh2 Qf4+ 82. Kg1 Qe3+ 83. Kf1
Qd3+ 84. Kf2 Qd2+ 85. Kg1 Qe3+ 86. Kh1 Qc1+ {A curious endgame!} 1/2-1/2

[Event "EU-Cup 22nd"]
[Site "Fuegen"]
[Date "2006.10.09"]
[Round "2.1"]
[White "Radjabov, Teimour"]
[Black "Brkic, Ante"]
[Result "1/2-1/2"]
[WhiteElo "2729"]
[BlackElo "2541"]
[Annotator "Krasenkow,M"]
[PlyCount "69"]
[EventDate "2006.10.08"]
[EventType "team-swiss"]
[EventRounds "7"]
[EventCountry "AUT"]
[SourceTitle "CBM 115"]
[Source "ChessBase"]
[SourceDate "2006.11.15"]
[SourceVersion "1"]
[SourceVersionDate "2006.11.15"]
[SourceQuality "1"]
[WhiteTeam "Kazan Ladya"]
[BlackTeam "Brijeg SK Siroki"]
[WhiteTeamCountry "RUS"]
[BlackTeamCountry "BIH"]

1. d4 Nf6 2. c4 g6 3. Nc3 d5 4. cxd5 Nxd5 5. e4 Nxc3 6. bxc3 Bg7 7. Bc4 c5 8.
Ne2 O-O 9. O-O Nc6 10. Be3 Bg4 11. f3 Bd7 12. Rb1 Rc8 13. dxc5 (13. Bd3 {
is probably more appropriate.}) 13... Qc7 {A new plan delaying ...Na5 -
successful so far.} 14. Nd4 $146 {Black did successfully in the following
games:} (14. Bd5 $6 Na5 15. Qc1 Rfd8 {[%cal Ye7e6,Yg7f8]} 16. Bf4 Be5 17. Bxe5
Qxe5 18. f4 Qc7 19. c6 $6 Bxc6 20. Bxf7+ $2 Kxf7 21. f5 Kg8 22. fxg6 Bxe4 $19 {
0-1 Alonso Pascual,F-Fernandez Garcia,J/Zamora 1996/EXT 2000 (33)}) (14. f4 Na5
15. Bd3 Be6 16. Qa4 Rfd8 17. Bd4 a6 18. f5 $6 (18. Rfd1 $5) 18... Bd7 19. Qb4
e5 20. fxe6 Bxe6 $44 {0-1 Sakhatova,E-Fercec,N/Pula 1990/EXT 2000 (70)}) 14...
Na5 15. Bd3 $6 (15. Nb5 $5 Bxb5 16. Bxb5 {is critical. After the text move
Black easily equalizes.}) 15... Rfd8 16. Qe2 e5 17. Nb3 Bf8 18. Kh1 Nxb3 19.
axb3 Bxc5 20. Bg5 Re8 21. Bc4 Be7 22. Bd2 Bd6 23. Bd5 Be6 24. c4 Bxd5 25. exd5
(25. cxd5 $5 Qb6) 25... e4 $1 26. fxe4 f5 27. g3 Rxe4 28. Qd3 b5 29. cxb5 Qc2
30. Rf3 Qxd3 31. Rxd3 Re2 32. Be3 Rcc2 33. Bg1 Kf7 34. Rbd1 (34. Ra1 Ra2 35.
Rxa2 Rxa2 36. Rc3 Ra5 37. Rc6 Be5 38. Ra6 Rxb5 39. Rxa7+ Kg8 40. Rd7 Rxb3 $11)
34... Bc5 35. d6 $6 {A poor move with a draw offer, which Black, probably
hypnotized by his opponent's name and rating, accepted. He could have played
on without any risk.} (35. Bxc5 Rxc5 36. R3d2 Rxd2 37. Rxd2 Rxb5 38. d6 Rb8 39.
Rc2 $11) (35. d6 Bxg1 36. Kxg1 Rg2+ 37. Kf1 Rxh2 38. Kg1 Rcg2+ (38... Ke8 39.
Re3+ Kd8 40. Ra1 $1 Kd7 41. Ra6) 39. Kf1 Ra2 40. Kg1 Ke8 41. Re3+ Kd8 42. Ra1
$1 {and White must finally survive.}) 1/2-1/2

[Event "GER-ch 75th"]
[Site "Hoeckendorf"]
[Date "2004.02.06"]
[Round "8"]
[White "Breutigam, Martin"]
[Black "Kalinitschew, Sergey"]
[Result "1/2-1/2"]
[WhiteElo "2409"]
[BlackElo "2519"]
[Annotator "Krasenkow,M"]
[PlyCount "145"]
[EventDate "2004.01.30"]
[EventType "swiss"]
[EventRounds "9"]
[EventCountry "GER"]
[SourceTitle "CBM 100"]
[Source "ChessBase"]
[SourceDate "2004.06.01"]
[SourceVersion "1"]
[SourceVersionDate "2004.06.01"]
[SourceQuality "1"]

1. d4 Nf6 2. c4 g6 3. Nc3 d5 4. cxd5 Nxd5 5. e4 Nxc3 6. bxc3 Bg7 7. Bc4 O-O 8.
Ne2 c5 9. O-O Nc6 10. Be3 Bd7 11. Rb1 Rc8 (11... a6 {is the main line}) 12. Bb5
$6 ({I wonder what Black had prepared against the theoretical move} 12. Bd3 {
, considered quite unpleasant for him.}) 12... a6 $1 {The simplest reply.} (
12... e6 $5) 13. Bxc6 Bxc6 14. d5 Bb5 15. a4 Bc4 $1 {The right course. Black
quickly recovers the pawn and obtains a favorable endgame.} 16. Rxb7 e6 17. d6
Bxe2 18. Qxe2 Qxd6 19. Qc4 Rfd8 {[%csl Rc3][%cal Yd6d3]} 20. Ra7 Qd3 21. Qxd3
Rxd3 {[%mdl 4096]} 22. c4 ({After} 22. Rxa6 Bxc3 23. a5 c4 {the black c-pawn
is more dangerous than the white a-pawn:} 24. g3 (24. Ra7 $143 Bd2) 24... Bb4 (
24... Bd2 25. Bxd2 Rxd2 26. Rb6 c3 27. Kg2 c2 28. Rb2 $1 {and White survives})
25. Ra7 (25. Rb1 c3 26. Rxb4 Rxe3 $1 $19) 25... c3 26. Kg2 c2 $19 {[%cal Rb4d2,
Rd3d1]}) 22... Bd4 $6 {Not the best.} ({In case of} 22... Rc3 23. Rxa6 Rxc4 24.
f3 Rc3 25. Kf2 Rc2+ 26. Kg3 {, comparing to the previous line, the position of
the black pieces is less favourable. Still, after} Re2 {Black maintains
dangerous initiative.}) 23. Rb1 $6 {A strange move.} ({After} 23. Rxa6 Bxe3 24.
fxe3 Rxe3 25. Ra7 Rf8 26. Rc7) ({or} 23. a5 {White is out of danger.}) 23...
Bxe3 24. fxe3 Rxe3 25. Rbb7 Rf8 26. Rxa6 Rxe4 27. a5 Rxc4 {Black has won two
pawns but White's passes pawn is very dangerous now.} 28. Rc6 Rc2 {Black can
only get rid of White's passed pawn at a price of two kingside pawns:} (28...
Ra8 29. a6 Ra4 30. Rcc7 R4xa6 ({or} 30... Ra1+ 31. Kf2 R1xa6 32. Rxf7 Rf8 33.
Rxf8+ Kxf8 34. Rxh7 Rc6 35. Ke3 c4 36. Kd2) 31. Rxf7 Ra1+ 32. Kf2 Rf8 33. Rxf8+
Kxf8 34. Rxh7 {and White should not lose as the black king is cut off.}) 29. h4
(29. a6 $143 Rd8 30. h4 Rdd2) (29. Rcc7 Ra2 $1 30. Ra7 Rd8 31. Rxf7 Rd1+ 32.
Rf1 Rdd2 $19) 29... Rd8 30. Kh2 $6 {An unnecessary loss of a tempo.} (30. Rcc7
{lead to a draw:} Rd1+ (30... Rdd2 31. Rxf7 Rxg2+ 32. Kf1 $11) 31. Kh2 Rdd2 32.
a6 $1 (32. Rxf7 $143 Rxg2+ 33. Kh3 (33. Kh1 Rgd2 $1 {as White has no perpetual}
) 33... Rh2+ 34. Kg3 Rcg2+ 35. Kf3 Rf2+ 36. Kg3 Rxf7 {and Black gets either a
queen or a rook endgame with two extra pawns:} 37. Rxf7 (37. Rb8+ Kg7 38. Kxh2
Ra7 39. Rb5 c4 $19) 37... Kxf7 38. Kxh2 c4 $19) 32... Rxg2+ 33. Kh3 {
Unbelievable but Black can't mate the white king! His only chance is} Rh2+ 34.
Kg3 Rcg2+ 35. Kf3 Ra2 36. a7 Ra3+ 37. Kf4 $1 Rxh4+ ({or} 37... Rf2+ 38. Ke5 Kg7
39. Rb8 Re2+ 40. Kd6 Rea2 41. Rbb7 {- the black rooks can't split apart!}) 38.
Ke5 Kg7 (38... Rh5+ 39. Kf6 Rf5+ 40. Ke7 {is rather dubious}) 39. Rxf7+ Kh6 40.
Kxe6 Rha4 41. Rxh7+ Kg5 42. Kd5 c4 43. Ke4 Kg4 44. Rhg7 {with a draw as Black
can't save his g6 pawn}) {Of course, with his pawn still on a5 White has
little chances to survive.} 30... Rdd2 31. Kg3 (31. a6 Rxg2+ 32. Kh3 Rgd2 33.
a7 Rd3+ 34. Kg4 Kg7 $1 $19 {-Black mates first!}) 31... Rxg2+ 32. Kf4 (32. Kf3
Rgf2+ 33. Ke3 (33. Kg3 {leads to the game continuation.}) 33... Rh2 34. a6 Rc3+
35. Kf4 Rxh4+ 36. Ke5 Ra4 37. a7 Kg7 38. Rcc7 Rf3 39. Rb8 Re3+ 40. Kd6 Ra6+ 41.
Kxc5 g5 $3 42. Rbb7 (42. a8=Q Rc3+ 43. Kd4 Rxa8 $19) (42. Kb5 Rxa7) 42... Rf3
$19) 32... Rgf2+ $2 ({Black should have captured the important h4 pawn:} 32...
Rc4+ 33. Ke5 (33. Kf3 Ra2) 33... Rxh4 34. a6 Ra4 35. a7 Kg7 36. Rcc7 Rf2 ({or} 
36... h5 37. Rxf7+ Kh6 38. Kxe6 c4 $19) 37. Rb8 Re2+ 38. Kd6 Ra6+ 39. Kxc5 g5
$1 $19 {-see previous annotation.}) 33. Kg3 $2 {White doesn't want to flee
from the dangerous corner!} ({After} 33. Ke5 {I don't see how Black can win.
The h4 pawn is still alive!}) 33... e5 {Including new resources into the
attack.} 34. a6 e4 $6 {Now the white king obtains the f4 square to escape!} (
34... Ra2 {was simpler} 35. a7 (35. Rb3 Rfc2) 35... Rfd2 $1 36. Rf6 (36. Rb8+
Kg7 37. a8=Q Rd3+ 38. Kg4 Rg2#) 36... Rd3+ 37. Rf3 Rda3 $19) (34... Rfd2 {
was also good}) 35. Rb3 Rg2+ (35... Ra2 36. a7 Rg2+ 37. Kh3 $1 $11) 36. Kf4 Ra2
{Black's position is still totally winning.} 37. Rb7 e3 $2 {There was no need
to give up this pawn.} (37... Ra4 38. a7 Kg7 39. Rc8 Rga2 40. Rcc7 Rf2+ 41. Ke3
Rf3+ 42. Ke2 Ra2+ 43. Ke1 c4 $19) 38. Kxe3 Ra3+ {I guess GM S.Kalinichev was
dazzled by these rooks!} (38... Rg3+ 39. Ke4 (39. Kf4 Rga3) 39... Ra4+ 40. Ke5
Re3+ 41. Kd5 Rd3+ 42. Ke5 {gives Black nothing.}) 39. Ke4 Rg4+ (39... Rga2 40.
Rc8+ Kg7 41. Rcc7 $11) 40. Kd5 Rxh4 {Better late than never! Comparing to one
of the lines mentioned in the annotation to move 32, the e-pawn is missing.
Still, Black should win!} 41. a7 Kg7 42. Rc8 Rha4 43. Rcc7 Rf3 44. Rb8 Rfa3 45.
Rbb7 h5 {What else?} 46. Rxf7+ Kh6 47. Kxc5 h4 48. Rh7+ Kg5 49. Rhg7 $1 {
The g6 pawn is the key to the position!} Kh5 (49... h3 50. Rb6 {and after
capturing the g6 pawn White should not lose}) (49... Ra5+ 50. Rb5 {The
simplest as the endgame R vs 2p proves to be drawn!} Rxb5+ (50... Rxa7 51. Rxa7
Rxa7 52. Kb6+ Kg4 53. Rb4+ Kh5 54. Kxa7 g5 55. Rb8 h3 56. Kb6 Kg4 57. Kc5 h2
58. Rh8 Kg3 59. Kd4 $11) 51. Kxb5 h3 (51... Kh6 52. Rc7 h3 53. Kb6 {[%cal
Rc7c3]}) 52. Kb6 Kf5 53. Rg8 g5 54. a8=Q Rxa8 55. Rxa8 g4 56. Rh8 Kf4 57. Kc5
Kg3 58. Kd4 Kh2 59. Ke3 g3 60. Rg8 Kg2 61. Kf4 $11) 50. Rb6 g5 (50... Rxa7 51.
Rgxg6) 51. Rbg6 Ra5+ (51... Rg4 $1 52. Rb6 Rf4 53. Rb8 (53. Rbg6 Rf5+ 54. Kb6
Kg4) 53... Ra5+ 54. Kb6 Rfa4 $19 55. Rbg8 $140 Ra6+ 56. Kc5 R4a5+) 52. Kb4
R3a4+ $2 {Not a good idea - to push the white king towards black's pawns.
After this Black's winning chances slip away.} (52... R5a4+ 53. Kc5 Rg4 $19 {
-see above}) 53. Kb3 Rg4 54. Rc6 Rg1 55. Rc8 Rb1+ $6 (55... Rga1 {was better
but after} 56. Rcg8 Kg4 57. Kc2 $1 ({but not} 57. a8=Q Rxa8 58. Rxg5+ Kh3 59.
Rxa8 Rxa8 60. Kc2 Rd8 $19) 57... Kh3 {the only chance} 58. Rxg5 Rxa7 59. Rh8 {
Black can hardly win.}) 56. Kc2 Rba1 57. Rcg8 Kg4 58. a8=Q $1 Rxa8 59. Rxg5+
Kh3 60. Rxa8 Rxa8 61. Kd2 Re8 {Cutting the white king along the e-file is not
enough to win this endgame.} 62. Rg7 Re4 63. Rg8 Kh2 64. Rg7 Ra4 65. Ke2 Ra3
66. Kf2 Rg3 67. Rh7 h3 68. Rh8 Rg2+ 69. Kf1 Rg4 70. Rf8 Ra4 71. Rg8 Rf4+ 72.
Ke2 Rf7 73. Rg6 1/2-1/2